01913nmm a22003374i 450000100060000000300090000600500170001500700030003200800410003504000350007610000490011124502800016026400500044030000580049033600270054833700290057533800390060434700310064350201770067450400490085150501960090061000780109665000220117465000590119665000500125565000270130565000460133265000130137870000440139185601400143535189DO-SdISF20250701151246.0ta240529s2025 dr ||||fo||d| 00| 0 spa d aDO-CGIP46bspacDO-CGIP46erda1 aCapellán Caraballo, Rosanna Liceloteautor10aConsumo alimenticio, horas de sueño y práctica de actividad física de estudiantes adolescentes inscritos en el Distrito Educativo 13-01, Montecristi, República Dominicana /csustentado por: Rosanna Licelot Capellán Caraballo ; tutor: Miguel Israel Bennasar García 1aSantiago de los Caballeros :bISFODOSU,c2025 a1 recurso en línea (101 páginas) :bilustraciones 2rdacontentatextobtxt aComputadorabc2rdamedia arecurso en líneabcr2rdacarrier 2rdaaarchivo de textobPDF aTesis para optar por el título de Maestría en Educación Física Integral - Instituto Superior de Formación Docente Salomé Ureña - ISFODOSU, Recinto LNNM, 2025. aReferencias bibliográficas en página 72.2 aIntroducción al problema de investigación -- Revisión de literatura -- Metodología -- Interpretación de los resultados -- Discusión -- Conclusiones -- Recomendaciones -- Anexos.24aInstituto Superior de Formación Docente Salomé UreñavTesis2armarc14aEjercicio2armarc17aEducación secundaria2armarczRepública Dominicana17aSalud escolar2armarczRepública Dominicana14aHábitos alimenticios17aConsumo de alimentosxEstudiantes2armarc14aDescanso aBennasar García, Miguel Israeletutor yClic para ver Texto Completouhttps://biblioteca.isfodosu.edu.do/cgi-bin/koha/opac-retrieve-file.pl?id=4bc62c4e53eda7d47b95aa5ec86724dd